[Event "Russian Blitz Team Championship (m)"]
[Site "Sochi"]
[Date "2022.10.17"]
[Round "1.1"]
[White "Grachev, Boris"]
[Black "Gabitov, Ruslan"]
[Result "1-0"]
[BlackElo "2142"]
[WhiteElo "2565"]
[LiveChessVersion "1.4.8"]

1. d4 {[%clk 0:03:03]} g6 {[%clk 0:03:03]} 2. Nf3 {[%clk 0:03:03]} Bg7
{[%clk 0:03:05]} 3. e4 {[%clk 0:03:04]} d6 {[%clk 0:03:05]} 4. Bd3
{[%clk 0:03:04]} a6 {[%clk 0:03:01]} 5. O-O {[%clk 0:02:58]} Nc6 {[%clk 0:03:00]}
6. c3 {[%clk 0:02:58]} e5 {[%clk 0:02:58]} 7. Bg5 {[%clk 0:02:51]} Nf6
{[%clk 0:02:57]} 8. Nbd2 {[%clk 0:02:46]} O-O {[%clk 0:02:47]} 9. Re1
{[%clk 0:02:44]} Bg4 {[%clk 0:02:40]} 10. h3 {[%clk 0:02:41]} Bd7
{[%clk 0:02:10]} 11. Nc4 {[%clk 0:02:41]} h6 {[%clk 0:02:05]} 12. Bh4
{[%clk 0:02:37]} Re8 {[%clk 0:02:00]} 13. dxe5 {[%clk 0:02:32]} Nxe5
{[%clk 0:01:56]} 14. Ncxe5 {[%clk 0:02:10]} dxe5 {[%clk 0:01:57]} 15. Bc4
{[%clk 0:02:10]} Bc6 {[%clk 0:01:47]} 16. Qb3 {[%clk 0:01:58]} Qe7
{[%clk 0:01:40]} 17. Bd5 {[%clk 0:01:50]} g5 {[%clk 0:00:48]} 18. Bxc6
{[%clk 0:01:51]} bxc6 {[%clk 0:00:48]} 19. Bg3 {[%clk 0:01:52]} Nh5
{[%clk 0:00:49]} 20. Qc4 {[%clk 0:01:39]} Qe6 {[%clk 0:00:48]} 21. Qxe6
{[%clk 0:01:37]} Rxe6 {[%clk 0:00:49]} 22. Rad1 {[%clk 0:01:37]} Rb8
{[%clk 0:00:34]} 23. b3 {[%clk 0:01:30]} f6 {[%clk 0:00:14]} 24. Rd7
{[%clk 0:01:26]} Rb7 {[%clk 0:00:15]} 25. Red1 {[%clk 0:01:24]} Bf8
{[%clk 0:00:16]} 26. Nd2 {[%clk 0:01:15]} Rd6 {[%clk 0:00:16]} 27. Nc4
{[%clk 0:01:15]} Rxd1+ {[%clk 0:00:12]} 28. Rxd1 {[%clk 0:01:16]} Bc5
{[%clk 0:00:07]} 29. Kf1 {[%clk 0:01:10]} Ra7 {[%clk 0:00:05]} 30. Na5
{[%clk 0:01:06]} Ra8 {[%clk 0:00:03]} 31. Nxc6 {[%clk 0:01:05]} Bd6
{[%clk 0:00:05]} 32. Na5 {[%clk 0:01:01]} Kf7 {[%clk 0:00:06]} 33. Bh2
{[%clk 0:00:56]} Ke6 {[%clk 0:00:07]} 34. f3 {[%clk 0:00:51]} Rb8
{[%clk 0:00:04]} 35. Bg1 {[%clk 0:00:46]} Nf4 {[%clk 0:00:06]} 36. Be3
{[%clk 0:00:46]} Ng6 {[%clk 0:00:07]} 37. Nc6 Ra8 38. c4 {[%clk 0:00:32]} a5
{[%clk 0:00:09]} 39. c5 {[%clk 0:00:28]} Be7 {[%clk 0:00:10]} 40. Ke2
{[%clk 0:00:26]} Ra6 {[%clk 0:00:12]} 41. Nd8+ {[%clk 0:00:26]} Bxd8
{[%clk 0:00:13]} 42. Rxd8 a4 {[%clk 0:00:11]} 43. b4 {[%clk 0:00:28]} Ne7
{[%clk 0:00:11]} 44. b5 {[%clk 0:00:25]} Ra5 {[%clk 0:00:11]} 45. Rb8
{[%clk 0:00:25]} f5 {[%clk 0:00:10]} 46. Kd3 {[%clk 0:00:25]} f4 {[%clk 0:00:08]}
47. Bf2 {[%clk 0:00:25]} Kd7 {[%clk 0:00:07]} 48. Kc4 {[%clk 0:00:25]} c6
{[%clk 0:00:04]} 49. b6 Rb5 50. Rb7+ {[%clk 0:00:17]} Ke6 {[%clk 0:00:07]} 51.
Be1 {[%clk 0:00:13]} Rb2 {[%clk 0:00:08]} 52. Ra7 {[%clk 0:00:12]} Rxa2 53. b7
{[%clk 0:00:11]} Rb2 {[%clk 0:00:10]} 54. Bb4 {[%clk 0:00:12]} Nd5
{[%clk 0:00:07]} 55. exd5+ {[%clk 0:00:12]} cxd5+ {[%clk 0:00:08]} 56. Kb5
{[%clk 0:00:12]} 1-0

[Event "Russian Blitz Team Championship (m)"]
[Site "Sochi"]
[Date "2022.10.17"]
[Round "1.2"]
[White "Kichubaev, Kamil"]
[Black "Dreev, Aleksey"]
[Result "0-1"]
[BlackElo "2625"]
[WhiteElo "2349"]
[LiveChessVersion "1.4.8"]

1. d4 {[%clk 0:03:03]} d5 {[%clk 0:03:04]} 2. Nf3 {[%clk 0:03:03]} Nf6
{[%clk 0:03:05]} 3. c4 c6 4. e3 {[%clk 0:03:04]} Bf5 {[%clk 0:03:05]} 5. Nc3
{[%clk 0:03:05]} e6 {[%clk 0:03:06]} 6. Bd3 {[%clk 0:03:06]} Bxd3
{[%clk 0:03:05]} 7. Qxd3 {[%clk 0:03:06]} Nbd7 {[%clk 0:03:03]} 8. O-O
{[%clk 0:03:06]} Bb4 {[%clk 0:03:03]} 9. Bd2 {[%clk 0:03:07]} a5 {[%clk 0:03:01]}
10. Ne2 {[%clk 0:02:54]} O-O {[%clk 0:02:49]} 11. Ng3 {[%clk 0:02:46]} Qb6
{[%clk 0:02:47]} 12. Qb3 {[%clk 0:02:23]} Bxd2 {[%clk 0:02:31]} 13. Nxd2
{[%clk 0:02:21]} Rfd8 {[%clk 0:02:21]} 14. Rfc1 {[%clk 0:02:18]} Qxb3
{[%clk 0:02:15]} 15. Nxb3 {[%clk 0:02:10]} a4 {[%clk 0:02:13]} 16. Nd2
{[%clk 0:02:09]} e5 {[%clk 0:02:13]} 17. Nf3 {[%clk 0:01:50]} exd4
{[%clk 0:02:12]} 18. Nxd4 {[%clk 0:01:50]} Ne5 {[%clk 0:02:12]} 19. cxd5
{[%clk 0:01:48]} Nxd5 {[%clk 0:02:02]} 20. a3 {[%clk 0:01:27]} g6
{[%clk 0:01:39]} 21. Rc2 {[%clk 0:01:25]} f5 {[%clk 0:01:37]} 22. Nge2
{[%clk 0:01:22]} Kf7 {[%clk 0:01:36]} 23. Nc3 {[%clk 0:01:16]} Nxc3
{[%clk 0:01:35]} 24. Rxc3 {[%clk 0:01:17]} Rd5 {[%clk 0:01:35]} 25. Rac1
{[%clk 0:01:16]} Ra6 {[%clk 0:01:24]} 26. Kf1 {[%clk 0:01:14]} Rb6
{[%clk 0:01:24]} 27. R1c2 {[%clk 0:01:15]} Ke7 {[%clk 0:01:11]} 28. Ke2
{[%clk 0:01:09]} Kd6 {[%clk 0:01:12]} 29. f4 {[%clk 0:00:57]} Ng4
{[%clk 0:01:13]} 30. Rc4 {[%clk 0:00:46]} Ra6 {[%clk 0:01:12]} 31. Nf3
{[%clk 0:00:44]} Nf6 {[%clk 0:01:02]} 32. Ne5 {[%clk 0:00:40]} Ne4
{[%clk 0:00:56]} 33. Nd3 {[%clk 0:00:37]} Ra8 {[%clk 0:00:55]} 34. Nf2
{[%clk 0:00:30]} Nxf2 {[%clk 0:00:48]} 35. Kxf2 {[%clk 0:00:31]} c5
{[%clk 0:00:43]} 36. Kf3 {[%clk 0:00:33]} b5 {[%clk 0:00:44]} 37. R4c3
{[%clk 0:00:34]} Re8 {[%clk 0:00:45]} 38. h3 {[%clk 0:00:32]} h5 {[%clk 0:00:45]}
39. g4 {[%clk 0:00:33]} h4 {[%clk 0:00:46]} 40. Rg2 {[%clk 0:00:33]} b4
{[%clk 0:00:41]} 41. axb4 {[%clk 0:00:27]} cxb4 {[%clk 0:00:42]} 42. Rc4
{[%clk 0:00:28]} Rd3 {[%clk 0:00:43]} 43. Re2 {[%clk 0:00:28]} Rb8
{[%clk 0:00:38]} 44. Rec2 {[%clk 0:00:30]} Rb6 {[%clk 0:00:28]} 45. gxf5
{[%clk 0:00:31]} gxf5 {[%clk 0:00:30]} 46. Rc8 {[%clk 0:00:32]} Ke7
{[%clk 0:00:24]} 47. R2c7+ {[%clk 0:00:33]} Rd7 {[%clk 0:00:25]} 48. Rc5
{[%clk 0:00:33]} a3 {[%clk 0:00:25]} 49. bxa3 {[%clk 0:00:34]} b3
{[%clk 0:00:26]} 50. Rc1 {[%clk 0:00:27]} Rd2 {[%clk 0:00:25]} 51. a4
{[%clk 0:00:25]} b2 {[%clk 0:00:26]} 52. Rb1 {[%clk 0:00:27]} Rg6
{[%clk 0:00:26]} 0-1

[Event "Russian Blitz Team Championship (m)"]
[Site "Sochi"]
[Date "2022.10.17"]
[Round "1.3"]
[White "Malakhov, Vladimir"]
[Black "Gavariev, Renat"]
[Result "1-0"]
[BlackElo "2213"]
[WhiteElo "2654"]
[LiveChessVersion "1.4.8"]

1. Nf3 {[%clk 0:03:03]} Nf6 {[%clk 0:03:02]} 2. c4 {[%clk 0:03:04]} c5
{[%clk 0:03:03]} 3. Nc3 {[%clk 0:03:03]} d5 {[%clk 0:03:04]} 4. cxd5
{[%clk 0:03:03]} Nxd5 {[%clk 0:03:05]} 5. e3 {[%clk 0:03:03]} Nc6
{[%clk 0:03:04]} 6. Bb5 {[%clk 0:03:02]} Nxc3 {[%clk 0:02:54]} 7. bxc3
{[%clk 0:03:01]} Bd7 {[%clk 0:02:48]} 8. O-O {[%clk 0:03:01]} e6 {[%clk 0:02:50]}
9. d4 {[%clk 0:03:00]} Be7 {[%clk 0:02:51]} 10. e4 O-O {[%clk 0:02:44]} 11. d5
{[%clk 0:02:47]} exd5 {[%clk 0:02:40]} 12. exd5 {[%clk 0:02:48]} Na5
{[%clk 0:02:40]} 13. Rb1 {[%clk 0:02:20]} Bxb5 {[%clk 0:02:29]} 14. Rxb5
{[%clk 0:02:21]} a6 {[%clk 0:02:30]} 15. Rb1 {[%clk 0:02:20]} b5 {[%clk 0:02:25]}
16. a4 {[%clk 0:02:18]} Rb8 {[%clk 0:02:24]} 17. Ne5 {[%clk 0:02:13]} Bd6
{[%clk 0:02:09]} 18. Ng4 {[%clk 0:01:41]} Nc4 {[%clk 0:01:24]} 19. Ne3
{[%clk 0:01:39]} Qh4 {[%clk 0:01:11]} 20. g3 {[%clk 0:01:31]} Qe4
{[%clk 0:01:13]} 21. Nxc4 {[%clk 0:01:32]} bxc4 {[%clk 0:00:44]} 22. Rxb8
{[%clk 0:01:25]} Rxb8 23. Re1 {[%clk 0:01:25]} Qd3 {[%clk 0:00:44]} 24. Qxd3
{[%clk 0:01:17]} cxd3 {[%clk 0:00:44]} 25. c4 {[%clk 0:01:18]} Kf8
{[%clk 0:00:40]} 26. Bf4 {[%clk 0:00:59]} Bxf4 {[%clk 0:00:16]} 27. gxf4
{[%clk 0:01:00]} Rb4 {[%clk 0:00:17]} 28. d6 {[%clk 0:01:01]} Rb8
{[%clk 0:00:18]} 29. Rd1 {[%clk 0:01:01]} Rd8 {[%clk 0:00:20]} 30. Rxd3
{[%clk 0:01:02]} Ke8 {[%clk 0:00:20]} 31. Re3+ {[%clk 0:00:56]} Kd7
{[%clk 0:00:20]} 32. Re7+ {[%clk 0:00:57]} Kxd6 {[%clk 0:00:22]} 33. Rxf7 Rd7 34.
Rf8 {[%clk 0:00:49]} Kc6 {[%clk 0:00:24]} 35. a5 {[%clk 0:00:41]} g6
{[%clk 0:00:19]} 36. Rc8+ {[%clk 0:00:37]} Kb7 {[%clk 0:00:11]} 37. Rxc5
{[%clk 0:00:37]} Rd4 {[%clk 0:00:13]} 38. f5 {[%clk 0:00:35]} gxf5
{[%clk 0:00:14]} 39. h3 {[%clk 0:00:26]} f4 {[%clk 0:00:13]} 40. Kg2
{[%clk 0:00:27]} Rd3 {[%clk 0:00:11]} 41. Rh5 {[%clk 0:00:27]} Rc3
{[%clk 0:00:10]} 42. Rxh7+ {[%clk 0:00:28]} Kc6 {[%clk 0:00:12]} 43. Rh6+
{[%clk 0:00:28]} Kb7 {[%clk 0:00:09]} 44. Rb6+ {[%clk 0:00:29]} Ka7
{[%clk 0:00:10]} 45. Rc6 {[%clk 0:00:30]} Kb7 {[%clk 0:00:11]} 46. Rc5
{[%clk 0:00:31]} Rd3 {[%clk 0:00:10]} 47. h4 {[%clk 0:00:32]} Rc3
{[%clk 0:00:07]} 48. h5 {[%clk 0:00:33]} Rd3 {[%clk 0:00:06]} 49. h6
{[%clk 0:00:34]} Rd6 {[%clk 0:00:07]} 50. Rh5 {[%clk 0:00:35]} 1-0

[Event "Russian Blitz Team Championship (m)"]
[Site "Sochi"]
[Date "2022.10.17"]
[Round "1.4"]
[White "Gilyazitdinov, Nikita"]
[Black "Popov, Ivan"]
[Result "0-1"]
[BlackElo "2549"]
[WhiteElo "2015"]
[LiveChessVersion "1.4.8"]

1. d4 {[%clk 0:03:03]} Nf6 {[%clk 0:03:03]} 2. Bf4 {[%clk 0:03:05]} b6
{[%clk 0:02:47]} 3. e3 {[%clk 0:03:05]} Bb7 {[%clk 0:02:48]} 4. Nf3
{[%clk 0:03:06]} g6 {[%clk 0:02:47]} 5. h3 {[%clk 0:02:59]} Bg7 {[%clk 0:02:48]}
6. Be2 {[%clk 0:02:58]} O-O {[%clk 0:02:47]} 7. O-O {[%clk 0:02:58]} c5
{[%clk 0:02:46]} 8. c3 {[%clk 0:02:58]} d6 {[%clk 0:02:39]} 9. Nbd2
{[%clk 0:02:59]} cxd4 {[%clk 0:02:36]} 10. exd4 {[%clk 0:02:55]} Ba6
{[%clk 0:02:34]} 11. Re1 {[%clk 0:02:44]} Re8 {[%clk 0:02:31]} 12. a4
{[%clk 0:02:38]} Bxe2 {[%clk 0:02:31]} 13. Qxe2 {[%clk 0:02:34]} Nc6
{[%clk 0:02:31]} 14. Bh2 {[%clk 0:02:16]} Rc8 {[%clk 0:02:21]} 15. Nb3
{[%clk 0:02:16]} Qc7 {[%clk 0:02:09]} 16. Qb5 {[%clk 0:01:54]} Rb8
{[%clk 0:01:58]} 17. Re2 {[%clk 0:01:30]} Na5 {[%clk 0:01:55]} 18. Nxa5
{[%clk 0:01:23]} bxa5 {[%clk 0:01:55]} 19. Qd3 {[%clk 0:01:24]} Rb7
{[%clk 0:01:49]} 20. Rae1 {[%clk 0:01:11]} Qc6 {[%clk 0:01:48]} 21. Qd1
{[%clk 0:00:55]} Nd5 {[%clk 0:01:44]} 22. Rd2 {[%clk 0:00:26]} Reb8
{[%clk 0:01:34]} 23. Ree2 {[%clk 0:00:20]} Bh6 {[%clk 0:01:35]} 24. Rc2
{[%clk 0:00:21]} Qxa4 {[%clk 0:01:34]} 25. c4 {[%clk 0:00:09]} Rxb2
{[%clk 0:01:08]} 26. cxd5 {[%clk 0:00:06]} Rb1 {[%clk 0:01:09]} 27. Qxb1 Rxb1+
0-1

[Event "Russian Blitz Team Championship (m)"]
[Site "Sochi"]
[Date "2022.10.17"]
[Round "1.5"]
[White "Ovod, Evgenija"]
[Black "Artemiev, Vladislav"]
[Result "0-1"]
[BlackElo "2832"]
[WhiteElo "2223"]
[LiveChessVersion "1.4.8"]

1. e4 {[%clk 0:03:03]} c5 {[%clk 0:02:57]} 2. Nf3 {[%clk 0:03:03]} d6
{[%clk 0:02:57]} 3. Bb5+ {[%clk 0:03:04]} Bd7 {[%clk 0:02:51]} 4. Bxd7+
{[%clk 0:03:03]} Nxd7 {[%clk 0:02:51]} 5. c4 {[%clk 0:02:57]} Ngf6
{[%clk 0:02:46]} 6. Nc3 {[%clk 0:02:58]} g6 {[%clk 0:02:45]} 7. d4
{[%clk 0:02:56]} cxd4 {[%clk 0:02:44]} 8. Nxd4 {[%clk 0:02:57]} Bg7
{[%clk 0:02:26]} 9. Be3 {[%clk 0:02:53]} Rc8 {[%clk 0:02:12]} 10. Qe2
{[%clk 0:01:54]} Qa5 {[%clk 0:01:44]} 11. O-O {[%clk 0:01:48]} Nb6
{[%clk 0:01:31]} 12. Ndb5 {[%clk 0:01:32]} Nxc4 {[%clk 0:01:21]} 13. Bxa7
{[%clk 0:00:53]} b6 {[%clk 0:01:22]} 14. b3 {[%clk 0:00:14]} Ne5 {[%clk 0:01:08]}
15. b4 Qxb4 {[%clk 0:01:05]} 16. Bxb6 {[%clk 0:00:08]} O-O {[%clk 0:00:56]} 17.
Rab1 {[%clk 0:00:08]} Qc4 {[%clk 0:00:57]} 18. Qxc4 {[%clk 0:00:07]} Nxc4
{[%clk 0:00:58]} 19. Bd4 {[%clk 0:00:07]} Nd2 {[%clk 0:00:58]} 0-1

[Event "Russian Blitz Team Championship (m)"]
[Site "Sochi"]
[Date "2022.10.17"]
[Round "1.6"]
[White "Sjugirov, Sanan"]
[Black "Efremov, Vladislav"]
[Result "1-0"]
[BlackElo "2118"]
[WhiteElo "2609"]
[LiveChessVersion "1.4.8"]

1. d4 {[%clk 0:03:02]} Nf6 {[%clk 0:03:03]} 2. c4 {[%clk 0:02:57]} e6
{[%clk 0:03:03]} 3. Nf3 {[%clk 0:02:56]} d5 {[%clk 0:03:03]} 4. Nc3
{[%clk 0:02:46]} Be7 {[%clk 0:03:01]} 5. Bg5 {[%clk 0:02:41]} h6 {[%clk 0:03:01]}
6. Bh4 {[%clk 0:02:36]} dxc4 {[%clk 0:03:01]} 7. e3 {[%clk 0:02:32]} c5
{[%clk 0:02:59]} 8. Bxc4 {[%clk 0:02:31]} cxd4 {[%clk 0:02:59]} 9. exd4
{[%clk 0:02:31]} Nc6 {[%clk 0:02:50]} 10. O-O {[%clk 0:02:31]} O-O
{[%clk 0:02:48]} 11. a3 {[%clk 0:02:24]} Nh5 {[%clk 0:02:45]} 12. Bxe7
{[%clk 0:02:16]} Nxe7 {[%clk 0:02:45]} 13. Re1 {[%clk 0:02:02]} Nf6
{[%clk 0:02:27]} 14. Ne5 {[%clk 0:01:55]} b6 {[%clk 0:01:45]} 15. Qf3
{[%clk 0:01:55]} Rb8 {[%clk 0:01:45]} 16. Rad1 {[%clk 0:01:31]} Bb7
{[%clk 0:01:46]} 17. Qg3 {[%clk 0:01:18]} Ned5 {[%clk 0:01:33]} 18. Bd3
{[%clk 0:01:08]} Rc8 {[%clk 0:01:18]} 19. Bb1 {[%clk 0:00:53]} Qd6
{[%clk 0:00:35]} 20. Nxd5 Nxd5 21. Be4 {[%clk 0:00:47]} Qc7 {[%clk 0:00:21]} 22.
Bb1 {[%clk 0:00:43]} Nf6 {[%clk 0:00:13]} 23. h3 {[%clk 0:00:22]} Rfd8
{[%clk 0:00:14]} 24. Qh4 {[%clk 0:00:18]} Rd5 {[%clk 0:00:04]} 25. Re3
{[%clk 0:00:17]} Rcd8 {[%clk 0:00:05]} 26. Rg3 {[%clk 0:00:16]} Kh8
{[%clk 0:00:05]} 27. Rxg7 {[%clk 0:00:06]} Kxg7 {[%clk 0:00:03]} 28. Qg3+
{[%clk 0:00:07]} Kh8 {[%clk 0:00:04]} 29. Ng6+ {[%clk 0:00:08]} fxg6
{[%clk 0:00:04]} 30. Qxc7 {[%clk 0:00:09]} R5d7 {[%clk 0:00:03]} 31. Qe5
{[%clk 0:00:08]} Kg7 {[%clk 0:00:04]} 32. Qxe6 {[%clk 0:00:08]} Bd5
{[%clk 0:00:05]} 33. Qe5 {[%clk 0:00:09]} Re8 {[%clk 0:00:04]} 34. Qg3
{[%clk 0:00:10]} Ne4 {[%clk 0:00:04]} 35. Bxe4 {[%clk 0:00:10]} Rxe4
{[%clk 0:00:05]} 36. Rc1 {[%clk 0:00:10]} Rde7 {[%clk 0:00:04]} 37. Rc7
{[%clk 0:00:10]} Re1+ {[%clk 0:00:04]} 38. Kh2 {[%clk 0:00:12]} Bf7
{[%clk 0:00:05]} 39. Rxe7 {[%clk 0:00:12]} Rxe7 {[%clk 0:00:05]} 40. a4 1-0

[Event "Russian Blitz Team Championship (m)"]
[Site "Sochi"]
[Date "2022.10.17"]
[Round "1.7"]
[White "Shakirov, Marat"]
[Black "Timofeev, Artyom"]
[Result "0-1"]
[BlackElo "2579"]
[WhiteElo "2028"]
[LiveChessVersion "1.4.8"]

1. d4 {[%clk 0:03:02]} Nf6 {[%clk 0:03:01]} 2. c4 {[%clk 0:03:03]} e6
{[%clk 0:03:01]} 3. Nf3 {[%clk 0:03:00]} Bb4+ {[%clk 0:02:58]} 4. Bd2
{[%clk 0:03:00]} Qe7 {[%clk 0:02:58]} 5. g3 {[%clk 0:02:58]} Nc6 {[%clk 0:02:55]}
6. Bg2 {[%clk 0:02:54]} O-O {[%clk 0:02:43]} 7. O-O {[%clk 0:02:51]} Bxd2
{[%clk 0:02:43]} 8. Qxd2 {[%clk 0:02:46]} d6 {[%clk 0:02:42]} 9. Nc3
{[%clk 0:02:32]} e5 {[%clk 0:02:41]} 10. d5 {[%clk 0:02:28]} Nb8 {[%clk 0:02:39]}
11. e4 {[%clk 0:01:46]} a5 {[%clk 0:02:40]} 12. Ne1 {[%clk 0:01:46]} Na6
{[%clk 0:02:37]} 13. Nd3 {[%clk 0:01:46]} Bd7 {[%clk 0:02:29]} 14. b3
{[%clk 0:01:42]} c6 {[%clk 0:02:26]} 15. f4 {[%clk 0:01:20]} Nb4 {[%clk 0:02:15]}
16. fxe5 {[%clk 0:01:15]} dxe5 {[%clk 0:02:15]} 17. h3 {[%clk 0:00:49]} Rad8
{[%clk 0:01:59]} 18. Kh2 {[%clk 0:00:48]} cxd5 {[%clk 0:01:47]} 19. cxd5
{[%clk 0:00:47]} Rc8 {[%clk 0:01:35]} 20. a3 {[%clk 0:00:44]} Nxd3
{[%clk 0:01:34]} 21. Qxd3 {[%clk 0:00:45]} Qc5 {[%clk 0:01:34]} 22. Rfc1
{[%clk 0:00:22]} Qd4 {[%clk 0:01:05]} 23. Qxd4 {[%clk 0:00:17]} exd4
{[%clk 0:01:07]} 24. Ne2 {[%clk 0:00:12]} d3 {[%clk 0:01:08]} 25. Nd4
{[%clk 0:00:08]} Rfe8 {[%clk 0:00:58]} 26. Rxc8 {[%clk 0:00:07]} Bxc8
{[%clk 0:00:59]} 27. Rd1 {[%clk 0:00:07]} Nxe4 {[%clk 0:00:55]} 28. Rxd3
{[%clk 0:00:07]} Nd6 {[%clk 0:00:56]} 29. Rc3 {[%clk 0:00:06]} Kf8
{[%clk 0:00:52]} 30. b4 {[%clk 0:00:04]} axb4 {[%clk 0:00:52]} 31. axb4
{[%clk 0:00:06]} h5 {[%clk 0:00:33]} 32. Rc5 {[%clk 0:00:07]} Bd7
{[%clk 0:00:33]} 33. Rc3 {[%clk 0:00:04]} Ra8 {[%clk 0:00:32]} 34. Kg1
{[%clk 0:00:03]} Ra1+ {[%clk 0:00:32]} 35. Kf2 {[%clk 0:00:04]} Ra2+
{[%clk 0:00:33]} 36. Rc2 {[%clk 0:00:05]} Ra4 {[%clk 0:00:34]} 37. Rb2
{[%clk 0:00:06]} Nc4 {[%clk 0:00:33]} 38. Rb1 {[%clk 0:00:05]} Ke7
{[%clk 0:00:31]} 39. Ne2 {[%clk 0:00:04]} Bf5 {[%clk 0:00:25]} 40. Rc1
{[%clk 0:00:03]} Rxb4 {[%clk 0:00:26]} 41. Bf3 {[%clk 0:00:04]} g6
{[%clk 0:00:22]} 42. g4 {[%clk 0:00:05]} hxg4 {[%clk 0:00:23]} 43. hxg4
{[%clk 0:00:06]} Bd7 {[%clk 0:00:24]} 44. Nc3 {[%clk 0:00:05]} Nd6
{[%clk 0:00:24]} 45. Re1+ {[%clk 0:00:04]} Kd8 {[%clk 0:00:25]} 46. Kg3
{[%clk 0:00:05]} Rb3 {[%clk 0:00:26]} 47. Rc1 {[%clk 0:00:05]} b5
{[%clk 0:00:27]} 48. Kf4 {[%clk 0:00:06]} f6 {[%clk 0:00:27]} 49. Ne4
{[%clk 0:00:06]} Rb4 {[%clk 0:00:28]} 50. Ke3 {[%clk 0:00:06]} Ke7
{[%clk 0:00:15]} 51. Kd3 0-1

[Event "Russian Blitz Team Championship (m)"]
[Site "Sochi"]
[Date "2022.10.17"]
[Round "1.8"]
[White "Faizrakhmanov, Ramil"]
[Black "Romanov, Nikita M."]
[Result "1-0"]
[BlackElo "1949"]
[WhiteElo "2421"]
[LiveChessVersion "1.4.8"]

1. d4 {[%clk 0:03:03]} d5 {[%clk 0:03:03]} 2. c4 {[%clk 0:03:04]} e6
{[%clk 0:03:04]} 3. Nf3 {[%clk 0:03:05]} Nf6 {[%clk 0:03:02]} 4. Nc3
{[%clk 0:03:06]} h6 {[%clk 0:03:01]} 5. Bf4 {[%clk 0:02:55]} Bd6 {[%clk 0:03:02]}
6. Bxd6 {[%clk 0:02:51]} Qxd6 {[%clk 0:03:02]} 7. e3 {[%clk 0:02:52]} O-O
{[%clk 0:03:02]} 8. Qc2 {[%clk 0:02:51]} b6 {[%clk 0:02:21]} 9. cxd5
{[%clk 0:02:50]} Nxd5 {[%clk 0:02:17]} 10. Nxd5 {[%clk 0:02:44]} exd5
{[%clk 0:02:15]} 11. Be2 {[%clk 0:02:41]} Be6 {[%clk 0:02:08]} 12. O-O
{[%clk 0:02:41]} c5 {[%clk 0:01:57]} 13. dxc5 {[%clk 0:02:33]} bxc5
{[%clk 0:01:56]} 14. Rac1 {[%clk 0:02:33]} Nd7 {[%clk 0:01:47]} 15. Bb5
{[%clk 0:02:24]} Rfc8 {[%clk 0:01:43]} 16. Rfd1 {[%clk 0:02:22]} a6
{[%clk 0:01:35]} 17. Bxd7 {[%clk 0:02:21]} Qxd7 {[%clk 0:01:31]} 18. Ne5
{[%clk 0:02:21]} Qd6 {[%clk 0:01:11]} 19. Nd3 {[%clk 0:02:16]} Bf5
{[%clk 0:01:05]} 20. Qc3 {[%clk 0:02:16]} d4 {[%clk 0:00:57]} 21. Qe1
{[%clk 0:01:45]} c4 {[%clk 0:00:51]} 22. Nf4 {[%clk 0:01:34]} d3 {[%clk 0:00:53]}
23. Qc3 {[%clk 0:01:35]} Rab8 {[%clk 0:00:43]} 24. h3 {[%clk 0:01:34]} Be4
{[%clk 0:00:26]} 25. Rd2 {[%clk 0:01:29]} Qe7 {[%clk 0:00:06]} 26. Qd4
{[%clk 0:01:20]} Rb4 {[%clk 0:00:07]} 27. b3 {[%clk 0:00:58]} c3 28. Nd5 Bxd5 29.
Qxd5 1-0

[Event "Russian Blitz Team Championship (m)"]
[Site "Sochi"]
[Date "2022.10.17"]
[Round "1.9"]
[White "Chigaev, Maksim"]
[Black "Kundianok, Vladislav"]
[Result "1-0"]
[BlackElo "2215"]
[WhiteElo "2537"]
[LiveChessVersion "1.4.8"]

1. Nf3 {[%clk 0:03:01]} Nf6 {[%clk 0:03:02]} 2. c4 {[%clk 0:03:02]} e6
{[%clk 0:02:59]} 3. g3 {[%clk 0:03:03]} d5 {[%clk 0:03:00]} 4. Bg2
{[%clk 0:03:03]} d4 {[%clk 0:02:57]} 5. O-O {[%clk 0:03:03]} c5 {[%clk 0:02:58]}
6. e3 {[%clk 0:03:04]} Nc6 {[%clk 0:02:59]} 7. exd4 {[%clk 0:03:05]} cxd4
{[%clk 0:03:01]} 8. d3 {[%clk 0:03:06]} Bd6 {[%clk 0:02:56]} 9. Bg5
{[%clk 0:03:06]} h6 {[%clk 0:02:57]} 10. Bxf6 {[%clk 0:03:06]} Qxf6
{[%clk 0:02:57]} 11. Nbd2 {[%clk 0:03:05]} Qe7 {[%clk 0:02:58]} 12. a3
{[%clk 0:03:06]} a5 {[%clk 0:02:59]} 13. Rc1 {[%clk 0:03:07]} O-O
{[%clk 0:02:52]} 14. Re1 {[%clk 0:03:08]} Rd8 {[%clk 0:02:33]} 15. Ne4
{[%clk 0:03:09]} Bc7 {[%clk 0:02:33]} 16. c5 {[%clk 0:03:10]} f5 {[%clk 0:02:23]}
17. Ned2 {[%clk 0:03:07]} e5 {[%clk 0:02:11]} 18. b4 {[%clk 0:02:17]} axb4
{[%clk 0:01:54]} 19. axb4 {[%clk 0:02:17]} Qf6 {[%clk 0:01:23]} 20. b5
{[%clk 0:02:11]} Ne7 {[%clk 0:01:20]} 21. Nc4 {[%clk 0:02:01]} Ng6
{[%clk 0:01:03]} 22. b6 {[%clk 0:02:01]} Bb8 {[%clk 0:01:04]} 23. Nfd2
{[%clk 0:02:02]} Kh7 {[%clk 0:00:51]} 24. Qb3 {[%clk 0:01:58]} Qf7
{[%clk 0:00:39]} 25. h4 {[%clk 0:01:49]} Be6 {[%clk 0:00:35]} 26. Qb1
{[%clk 0:01:35]} Bd5 {[%clk 0:00:35]} 27. h5 {[%clk 0:00:48]} Ne7
{[%clk 0:00:36]} 28. Nxe5 {[%clk 0:00:49]} Bxe5 {[%clk 0:00:37]} 29. Rxe5
{[%clk 0:00:49]} Bxg2 {[%clk 0:00:39]} 30. Kxg2 {[%clk 0:00:50]} Nc6
{[%clk 0:00:40]} 31. Ree1 {[%clk 0:00:47]} Qxh5 {[%clk 0:00:39]} 32. Qb3
{[%clk 0:00:41]} Re8 {[%clk 0:00:36]} 33. Qd5 {[%clk 0:00:31]} Re2
{[%clk 0:00:27]} 34. Rxe2 {[%clk 0:00:26]} Qxe2 {[%clk 0:00:28]} 35. Qxf5+
{[%clk 0:00:26]} Kh8 {[%clk 0:00:18]} 36. Nf3 {[%clk 0:00:21]} Ne7
{[%clk 0:00:10]} 37. Qe4 {[%clk 0:00:13]} Ra2 {[%clk 0:00:08]} 38. Qxe2
{[%clk 0:00:13]} Rxe2 {[%clk 0:00:10]} 39. Nxd4 {[%clk 0:00:12]} Rd2
{[%clk 0:00:11]} 40. c6 {[%clk 0:00:10]} bxc6 {[%clk 0:00:12]} 41. Nxc6
{[%clk 0:00:11]} Nxc6 {[%clk 0:00:09]} 42. Rxc6 {[%clk 0:00:12]} Rb2
{[%clk 0:00:10]} 43. d4 {[%clk 0:00:11]} Kg8 {[%clk 0:00:12]} 44. d5
{[%clk 0:00:12]} Kf7 {[%clk 0:00:14]} 45. Rc7+ {[%clk 0:00:08]} Kf6
{[%clk 0:00:15]} 46. b7 {[%clk 0:00:09]} g5 {[%clk 0:00:13]} 47. d6
{[%clk 0:00:09]} Ke6 {[%clk 0:00:14]} 48. d7 {[%clk 0:00:10]} Ke7
{[%clk 0:00:16]} 49. Rc8 {[%clk 0:00:10]} 1-0